US States by Population-1990 - Statistics

General Stats
  • This quiz has been taken 44 times
    35 since last reset
  • The average score is 38 of 50
Answer Stats
Population State % Correct
29,760,021 California
100%
12,937,926 Florida
100%
17,990,455 New York
100%
16,986,510 Texas
100%
6,478,216 Georgia
89%
11,430,602 Illinois
89%
5,544,159 Indiana
89%
4,781,468 Maryland
89%
6,016,425 Massachusetts
89%
9,259,000 Michigan
89%
5,117,073 Missouri
89%
7,730,188 New Jersey
89%
6,628,637 North Carolina
89%
10,847,115 Ohio
89%
11,881,643 Pennsylvania
89%
4,877,185 Tennessee
89%
6,187,358 Virginia
89%
4,866,692 Washington
89%
4,891,769 Wisconsin
89%
4,040,587 Alabama
78%
3,665,228 Arizona
78%
3,685,296 Kentucky
78%
4,219,973 Louisiana
78%
4,375,099 Minnesota
78%
550,043 Alaska
67%
3,294,394 Colorado
67%
3,287,116 Connecticut
67%
666,168 Delaware
67%
1,108,229 Hawaii
67%
1,006,749 Idaho
67%
1,227,928 Maine
67%
799,065 Montana
67%
1,201,833 Nevada
67%
1,109,252 New Hampshire
67%
1,515,069 New Mexico
67%
638,800 North Dakota
67%
1,003,464 Rhode Island
67%
3,486,703 South Carolina
67%
696,004 South Dakota
67%
562,758 Vermont
67%
453,588 Wyoming
67%
2,350,725 Arkansas
56%
2,776,755 Iowa
56%
2,477,574 Kansas
56%
2,573,216 Mississippi
56%
1,578,385 Nebraska
56%
3,145,585 Oklahoma
56%
2,842,321 Oregon
56%
1,722,850 Utah
56%
1,793,477 West Virginia
56%
No matching quizzes found
Score Distribution
Percent of People with Each Score
Percentile by Number Answered
Your Score History
You have not taken this quiz since the last reset